[Event "Challenge"]
[Site "http://www.queenalice.com/game.php?id=1071254"]
[Date "2012.6.12"]
[Round "-"]
[White "Nyvang"]
[Black "filomenos"]
[Result "1-0"]
[WhiteElo "1773"]
[BlackElo "1862"]

1. d4 d5 2. Nc3 g6 3. e4 c6 4. a3 Bg7 5. e5 Nd7 6. Nf3 f6 7. e6 Nb6 8. Qe2 Qd6
9. g3 Bxe6 10. Bf4 Qd7 11. O-O-O Bg4 12. Bg2 Nh6 13. h3 Bxf3 14. Bxf3 O-O 15. h4
Nf5 16. g4 Nd6 17. h5 g5 18. Bd2 Nbc4 19. h6 Bh8 20. Qd3 Nxd2 21. Rxd2 b5 22.
Re1 Rae8 23. Rde2 Nf7 24. Re6 Nd8 25. R6e2 Nf7 26. Rh1 e5 27. Qf5 Qxf5 28. gxf5
exd4 29. Rxe8 Rxe8 30. Ne2 Ne5 31. Nxd4 Nxf3 32. Nxf3 Re2 33. Nd4 Rxf2 34. Nxc6
Rxf5 35. Ne7+ 1-0

[Event "Challenge"]
[Site "http://www.queenalice.com/game.php?id=1072166"]
[Date "2012.6.15"]
[Round "-"]
[White "Nyvang"]
[Black "Sarratt"]
[Result "0-1"]
[WhiteElo "1773"]
[BlackElo "1875"]

1. d4 d5 2. Nc3 e6 3. a3 c5 4. Nf3 Nc6 5. e4 dxe4 6. Nxe4 cxd4 7. Bb5 Qa5+ 8.
Qd2 Qxb5 9. Nxd4 Qe5 10. O-O Qxd4 11. Qe2 Nf6 12. Nc3 a6 13. Bg5 Be7 14. Rad1
Qe5 15. Qd2 O-O 16. Bf4 Qh5 17. h3 e5 18. Bh2 Bxh3 19. gxh3 Qxh3 20. Qe3 Qxh2+
21. Kxh2 Ng4+ 22. Kh1 Nxe3 23. fxe3 Rfd8 24. Nd5 Bc5 25. e4 a5 26. c3 a4 27. Rd3
Rd6 28. Rg3 Rh6+ 29. Kg2 Rg6 30. Rxg6 hxg6 0-1

[Event "Challenge"]
[Site "http://www.queenalice.com/game.php?id=1074197"]
[Date "2012.6.20"]
[Round "-"]
[White "Nyvang"]
[Black "wermon"]
[Result "0-1"]
[WhiteElo "1812"]
[BlackElo "1953"]

1. d4 d5 2. h3 Nf6 3. Nc3 e6 4. a3 c5 5. e3 Nc6 6. Bb5 Bd7 7. Nf3 Bd6 8. O-O O-O
9. dxc5 Bxc5 10. b4 Be7 11. Bxc6 bxc6 12. Bb2 a5 13. bxa5 Rxa5 14. Ne5 Qb8 15.
Nxd7 Qxb2 16. Nxf8 Qxc3 17. Nxh7 Nxh7 18. a4 Qc4 19. c3 c5 20. Qc2 Nf6 21. Rfb1
Bd6 22. Qb3 Qxb3 23. Rxb3 Kf8 24. Rb5 Ra7 25. a5 c4 26. a6 Ke7 27. Rb7+ Rxb7 28.
axb7 Nd7 29. f4 Kd8 30. Ra7 Bb8 31. Ra5 Kc7 32. Rb5 Kc6 33. Rb2 Nc5 34. g4 Ne4
35. Rc2 Kxb7 36. h4 Ba7 37. Kf1 Bxe3 0-1

[Event "Challenge"]
[Site "http://www.queenalice.com/game.php?id=1084182"]
[Date "2012.7.18"]
[Round "-"]
[White "Nyvang"]
[Black "passant"]
[Result "1-0"]
[WhiteElo "1793"]
[BlackElo "1880"]

1. d4 c5 2. d5 Nf6 3. Nc3 d6 4. e4 e6 5. Bb5+ Bd7 6. dxe6 Bxb5 7. exf7+ Kxf7 8.
Nxb5 Qa5+ 9. Nc3 Nxe4 10. Qf3+ Nf6 11. Qxb7+ 1-0

[Event "OS INCLIVEIS"]
[Site "http://www.queenalice.com/game.php?id=1098022"]
[Date "2012.8.30"]
[Round "-"]
[White "adelio"]
[Black "Nyvang"]
[Result "1/2-1/2"]
[WhiteElo "1870"]
[BlackElo "1784"]

1. f4 d5 2. d4 Bf5 3. c4 Nf6 4. Nc3 Nc6 5. a3 e6 6. b3 dxc4 7. bxc4 Qxd4 8. Qxd4
Nxd4 9. Ra2 c5 10. h3 h6 11. g4 Bh7 12. e3 Nb3 13. Bd2 Bd6 14. Nf3 Ne4 15. Bg2
g5 16. Rb2 Na5 17. Ne5 O-O 18. Nxe4 Bxe5 19. fxe5 Bxe4 20. Bxe4 Nxc4 21. Rxb7
Rad8 22. Bc1 Nxe5 23. Rf1 Nd3+ 24. Bxd3 Rxd3 25. Ke2 c4 26. Bb2 Rfd8 27. Rfxf7
c3 28. Rg7+ Kf8 29. Rbf7+ Ke8 30. Re7+ Kf8 31. Ba1 e5 32. Rgf7+ Kg8 33. Rg7+ Kf8
34. Rgf7+ Kg8 35. Rg7+ Kf8 1/2-1/2

[Event "Challenge"]
[Site "http://www.queenalice.com/game.php?id=1100506"]
[Date "2012.9.7"]
[Round "-"]
[White "rovardo"]
[Black "Nyvang"]
[Result "1-0"]
[WhiteElo "1839"]
[BlackElo "1807"]

1. e4 g6 2. Nf3 b6 3. Bc4 Bb7 4. d3 Bg7 5. O-O e6 6. Re1 Ne7 7. Bg5 Nbc6 8. Nc3
Bxc3 9. bxc3 d5 10. exd5 exd5 11. Bb5 O-O 12. Bxc6 f6 13. Bxb7 Rb8 14. Bxd5+
Nxd5 15. Bd2 Qd6 16. c4 Nf4 17. Bxf4 Qxf4 18. Qe2 g5 19. g3 Qg4 20. a4 a5 21. d4
Rbe8 22. Qd3 f5 23. Kg2 Qh5 24. c5 g4 25. Nd2 Qf7 26. Qc4 Rd8 27. Qxf7+ Rxf7 28.
cxb6 cxb6 29. c3 f4 30. gxf4 Rxf4 31. f3 Rdf8 32. Rf1 h5 33. fxg4 Rxg4+ 34. Kh3
Re8 35. Rab1 Re2 36. Nc4 Rgg2 37. Rh1 Rgf2 38. Rbf1 Rxf1 39. Rxf1 Rc2 40. Nxb6
1-0

[Event "OS INCLIVEIS"]
[Site "http://www.queenalice.com/game.php?id=1101524"]
[Date "2012.9.10"]
[Round "-"]
[White "adelio"]
[Black "Nyvang"]
[Result "1-0"]
[WhiteElo "1818"]
[BlackElo "1823"]

1. f4 d5 2. d4 Bf5 3. c4 Nf6 4. Nc3 e6 5. a3 Bd6 6. Ra2 O-O 7. b4 Ne4 8. Nxe4
Bxe4 9. e3 dxc4 10. Bxc4 Bxg2 11. Rxg2 c6 12. Bd3 Qh4+ 13. Kf1 f5 14. Nf3 Qh5
15. Be2 h6 16. Rhg1 Qh3 17. Qe1 Rf7 18. Qf2 Nd7 19. Ke1 Nf6 20. Bc4 Re7 21. Bb2
Ng4 22. Ne5 Nxf2 23. Bxe6+ Rxe6 24. Rxg7+ Kf8 25. Rf7+ 1-0

[Event "OS INCLIVEIS"]
[Site "http://www.queenalice.com/game.php?id=1101525"]
[Date "2012.9.10"]
[Round "-"]
[White "Nyvang"]
[Black "adelio"]
[Result "1-0"]
[WhiteElo "1792"]
[BlackElo "1698"]

1. d4 b6 2. e4 Bb7 3. d5 e5 4. Nf3 f6 5. Bc4 a6 6. a4 c5 7. O-O d6 8. h3 Ne7 9.
c3 Ra7 10. b4 Nd7 11. b5 a5 12. Nh4 Bc8 13. Qf3 Qc7 14. Bd3 h5 15. Nf5 g5 16.
Nxe7 Bxe7 17. Qd1 Nf8 18. Be2 g4 19. h4 Ng6 20. g3 Bd7 21. f3 Qc8 22. f4 exf4
23. Bxf4 Nxf4 24. Rxf4 f5 25. Nd2 Rf8 26. Qc2 Qd8 27. exf5 Bxh4 28. Qe4+ Be7 29.
f6 Bc8 30. fxe7 Rxe7 31. Qg6+ Kd7 32. Re1 Kc7 33. Rxf8 Qxf8 34. Qd3 Bf5 35. Qc4
Re3 36. Qf4 Re8 37. Qf2 Re5 38. c4 Qf6 39. Bd1 Rxe1+ 40. Qxe1 Qd4+ 41. Kh1 Qe5
42. Qxe5 dxe5 43. Kg2 Kd6 44. Kf2 e4 45. Ke3 Ke5 46. Be2 Kd6 47. Nxe4+ Ke5 48.
Nf2 Kf6 49. Kf4 Bd7 50. Bd3 Bc8 51. Ne4+ Ke7 52. Kg5 Kf8 53. Kxh5 Bf5 54. Kg5
Bxe4 55. Bxe4 Ke7 56. Kxg4 Kf6 57. Kf4 Ke7 58. g4 Kf6 59. g5+ Ke7 60. Kf5 Kf7
61. g6+ Kg7 62. d6 Kf8 63. Kf6 Ke8 64. g7 Kd8 65. g8=Q+ Kd7 66. Qe6+ Kd8 67. d7
Kc7 68. Qc6+ Kd8 69. Qc8# 1-0

[Event "Challenge"]
[Site "http://www.queenalice.com/game.php?id=1107309"]
[Date "2012.9.28"]
[Round "-"]
[White "Nyvang"]
[Black "favazza2007"]
[Result "1-0"]
[WhiteElo "1804"]
[BlackElo "1869"]

1. d4 d5 2. Nc3 Nf6 3. Bf4 e6 4. a3 Bd6 5. Qd2 Nc6 6. Nf3 O-O 7. h4 Nd7 8. g4
Nb6 9. e3 Nc4 10. Bxc4 dxc4 11. e4 Bxf4 12. Qxf4 Nxd4 13. O-O-O c5 14. e5 Qe7
15. Nxd4 cxd4 16. Rxd4 b6 17. g5 Bb7 18. f3 Ba6 19. Rd6 Rad8 20. h5 Rxd6 21.
exd6 Qd7 22. h6 f6 23. hxg7 Qxg7 24. gxf6 Qxf6 25. Qe4 Qf4+ 26. Qxf4 Rxf4 27. d7
Rf8 28. Rd1 Rd8 29. a4 Kf7 30. Ne4 h6 31. Nd6+ Ke7 32. Nc8+ Bxc8 33. dxc8=Q Rxc8
34. Rh1 Rf8 35. Rh3 Rf6 36. Kd2 e5 37. Kc3 Rc6 38. Rh4 Rf6 39. Kxc4 Rxf3 40.
Rxh6 e4 41. Rh7+ Kd6 42. Kd4 e3 43. Kd3 a5 44. Rh4 Rg3 45. Re4 e2+ 46. Kxe2 Kd5
47. Re3 Rg4 48. b3 Rd4 49. Rd3 Ke4 50. Re3+ Kd5 51. c4+ Kc5 52. Re5+ Kd6 53. Re8
Kc7 54. Re7+ Kc6 55. Re5 Rd6 56. Ke3 Kd7 57. Rd5 Kc6 58. Rb5 Rd7 59. Ke4 Re7+
60. Kd4 Rd7+ 61. Ke5 Re7+ 62. Kf6 Rd7 63. Ke5 Re7+ 64. Kd4 Rd7+ 65. Rd5 Re7 66.
c5 bxc5+ 67. Rxc5+ Kb6 68. Rb5+ Ka6 69. Rd5 Rb7 70. Rd6+ Rb6 71. Kc5 Rxd6 72.
Kxd6 Kb6 73. Kd5 Kb7 74. Kc5 Ka6 75. Kc6 Ka7 76. Kb5 Kb7 77. Kxa5 Ka7 78. Kb5
Kb7 79. a5 Ka7 80. b4 Kb7 81. a6+ Ka7 82. Ka5 Kb8 83. b5 Ka7 84. b6+ Ka8 85. b7+
Ka7 86. Kb5 Kb8 87. Kc6 Ka7 88. Kd7 Kb8 89. Kc6 Ka7 90. Kc7 Kxa6 91. b8=Q Ka5
92. Qb3 Ka6 93. Qb6# 1-0

[Event "Challenge"]
[Site "http://www.queenalice.com/game.php?id=1111265"]
[Date "2012.10.10"]
[Round "-"]
[White "Nyvang"]
[Black "enrosque"]
[Result "0-1"]
[WhiteElo "1804"]
[BlackElo "1802"]

1. d4 d5 2. Nc3 Nf6 3. Bf4 c6 4. e3 Bf5 5. h3 e6 6. a3 Bd6 7. Nge2 O-O 8. h4 c5
9. Nb5 Bxf4 10. Nxf4 a6 11. Nc3 cxd4 12. exd4 Qb6 13. Na4 Qc7 14. Nd3 Nc6 15.
Ndc5 b5 16. Nxa6 Rxa6 17. Bxb5 Qa5+ 18. Nc3 Rb6 19. b4 Qa7 20. Be2 Rc8 21. g4
Be4 22. f3 Bxc2 23. Qxc2 Nxd4 24. Qd1 Rbc6 25. g5 Rxc3 26. Kf1 Nh5 27. g6 Nxe2
28. gxh7+ Kxh7 29. Qb1+ Rc2 0-1

[Event "Challenge"]
[Site "http://www.queenalice.com/game.php?id=1114136"]
[Date "2012.10.19"]
[Round "-"]
[White "Nyvang"]
[Black "enrosque"]
[Result "0-1"]
[WhiteElo "1823"]
[BlackElo "1955"]

1. d4 d5 2. Nc3 Nf6 3. Bf4 c6 4. e3 Bf5 5. Bd3 Bxd3 6. Qxd3 e6 7. a3 Be7 8. Nf3
O-O 9. O-O-O Nbd7 10. h4 a5 11. e4 Ng4 12. Qe2 b5 13. Ne5 Ngxe5 14. dxe5 b4 15.
Nb1 Qc7 16. exd5 cxd5 17. Qg4 Rfc8 18. c3 bxa3 19. Bh6 Qxe5 20. Bf4 axb2+ 21.
Kxb2 Rab8+ 0-1

[Event "Challenge"]
[Site "http://www.queenalice.com/game.php?id=1115769"]
[Date "2012.10.24"]
[Round "-"]
[White "Nyvang"]
[Black "Andrez"]
[Result "0-1"]
[WhiteElo "1823"]
[BlackElo "1922"]

1. d4 f5 2. d5 Nf6 3. Bf4 g6 4. Nf3 Bg7 5. Nc3 c6 6. d6 e6 7. Qd3 O-O 8. e4 fxe4
9. Nxe4 Nxe4 10. Qxe4 Bxb2 11. Rb1 Bc3+ 12. Bd2 Qf6 13. Bc4 b5 14. Bxb5 Bxd2+
15. Kxd2 cxb5 16. Qxa8 Nc6 17. Rxb5 Ba6 18. Qxf8+ Qxf8 0-1

[Event "Challenge"]
[Site "http://www.queenalice.com/game.php?id=1117104"]
[Date "2012.10.29"]
[Round "-"]
[White "Nyvang"]
[Black "axedre"]
[Result "0-1"]
[WhiteElo "1820"]
[BlackElo "2008"]

1. d4 f5 2. Bf4 g6 3. h3 Bg7 4. e3 Nf6 5. Bc4 d6 6. Ne2 Nbd7 7. O-O e5 8. dxe5
Nxe5 9. Nd4 Nxc4 10. b3 Nb6 11. Nc3 O-O 12. Qf3 Re8 13. a4 Ne4 14. Nxe4 fxe4 15.
Qg3 c5 16. Nb5 Bxa1 17. Nxd6 Rf8 18. Rxa1 Bf5 19. Nxb7 Qd5 20. Nd6 c4 21. Be5
cxb3 22. cxb3 Qxb3 23. f4 Nxa4 24. h4 Nc3 25. h5 Ne2+ 0-1

[Event "Challenge"]
[Site "http://www.queenalice.com/game.php?id=1117107"]
[Date "2012.10.29"]
[Round "-"]
[White "Nyvang"]
[Black "axedre"]
[Result "0-1"]
[WhiteElo "1829"]
[BlackElo "1999"]

1. d4 f5 2. Bf4 g6 3. h3 Bg7 4. e3 Nf6 5. c3 O-O 6. Bc4+ Kh8 7. Ne2 d6 8. O-O
Nbd7 9. d5 Re8 10. Nd4 Nc5 11. Na3 e5 12. Ne6 Nxe6 13. dxe6 exf4 14. exf4 Bxe6
15. Bxe6 Rxe6 16. Qf3 c6 17. Nc4 d5 18. Ne5 Qc7 19. Qg3 Ne4 20. Qh4 Bxe5 21.
fxe5 Rxe5 22. Rfe1 Rae8 23. f4 R5e6 24. a4 Nd2 25. Rxe6 Rxe6 26. Qh6 Qe7 27. g4
Re1+ 28. Rxe1 Qxe1+ 29. Kg2 Qf1+ 30. Kg3 Ne4+ 31. Kh4 Qf2# 0-1

[Event "Challenge"]
[Site "http://www.queenalice.com/game.php?id=1120115"]
[Date "2012.11.7"]
[Round "-"]
[White "Nyvang"]
[Black "mascarade"]
[Result "0-1"]
[WhiteElo "1812"]
[BlackElo "1862"]

1. d4 d5 2. Bf4 Nc6 3. h3 f6 4. Nf3 e6 5. a3 Bd6 6. Bh2 g5 7. e3 h5 8. g3 g4 9.
hxg4 hxg4 10. Nh4 f5 11. f4 Qf6 12. Nc3 b6 13. Qd3 Bb7 14. O-O-O O-O-O 15. Nb5
Kb8 16. Qb3 Na5 17. Qc3 Ne7 18. b4 Nac6 19. Nxd6 Rxd6 20. b5 Na5 21. Ng2 c6 22.
a4 Rc8 23. Qb4 Rcd8 24. Ne1 cxb5 25. Bxb5 Bc6 26. Rd3 Bxb5 27. Qxb5 Nc4 28. Rc3
Nc6 29. Bg1 Rh8 30. Bh2 Kb7 31. Ng2 a5 32. Nh4 Na7 33. Rd1 Nxb5 0-1

[Event "Challenge"]
[Site "http://www.queenalice.com/game.php?id=1120116"]
[Date "2012.11.7"]
[Round "-"]
[White "Nyvang"]
[Black "uassirr"]
[Result "0-1"]
[WhiteElo "1798"]
[BlackElo "1870"]

1. d4 Nf6 2. h3 d6 3. Bf4 Nbd7 4. Nf3 c5 5. e3 cxd4 6. exd4 g6 7. Bc4 Bg7 8. O-O
O-O 9. Nc3 a6 10. b4 Qc7 11. Qe2 Nb6 12. Nd2 Nxc4 13. Nxc4 b5 14. Qf3 Bb7 15.
Qe3 Qxc4 16. a3 Nd5 17. Nxd5 Qxd5 18. Qg3 Qxd4 19. Rad1 Qb2 20. Rd2 Rac8 21. Qd3
Rc3 22. Qe2 Rxa3 23. Qxe7 Qxb4 24. Bxd6 Qxd2 25. Bxa3 Qd5 26. f3 Rc8 27. Qe2
Qd4+ 28. Kh1 Qf4 29. Qd3 Be5 30. g3 Qxg3 31. Qe2 Qxh3+ 32. Kg1 Rc4 33. Bc1 Qg3+
34. Qg2 Bd4+ 35. Kh1 Qh4+ 36. Qh2 Bxf3+ 37. Rxf3 Qe1+ 38. Kg2 Rxc2+ 0-1

[Event "Challenge"]
[Site "http://www.queenalice.com/game.php?id=1121886"]
[Date "2012.11.13"]
[Round "-"]
[White "Nyvang"]
[Black "mascarade"]
[Result "0-1"]
[WhiteElo "1798"]
[BlackElo "1786"]

1. d4 d5 2. Bf4 e6 3. h3 Bd6 4. Qd2 Bxf4 5. Qxf4 Nf6 6. Nc3 Nc6 7. Nf3 a6 8. e4
dxe4 9. Nxe4 Nxe4 10. Qxe4 O-O 11. Bd3 f5 12. Qe2 Nb4 13. Bc4 Qf6 14. a3 Nc6 15.
c3 b5 16. Ba2 Bd7 17. O-O Kh8 18. Ne5 Nxe5 19. dxe5 Qh6 20. Rad1 Bc6 21. c4 f4
22. f3 Rf5 23. cxb5 Bxb5 24. Bc4 Bxc4 25. Qxc4 Rg5 26. Kh1 Rxe5 27. Qxc7 Qf6 28.
Rd7 h6 29. Rf7 Qg5 30. Rd1 Re2 31. Rg1 Rxb2 32. Re7 Rab8 33. Rxe6 Rb1 34. Re5
Rxg1+ 35. Kxg1 Rb1+ 36. Kf2 Qg3+ 37. Ke2 Qe1+ 38. Kd3 Rd1+ 39. Kc2 Rc1+ 40. Kb3
Qd1+ 0-1

[Event "Challenge"]
[Site "http://www.queenalice.com/game.php?id=1122173"]
[Date "2012.11.14"]
[Round "-"]
[White "Nyvang"]
[Black "uassirr"]
[Result "1-0"]
[WhiteElo "1782"]
[BlackElo "1885"]

1. d4 Nf6 2. Bf4 d6 3. h3 g6 4. Nf3 Bg7 5. Nc3 Nbd7 6. e4 c5 7. Bc4 O-O 8. O-O
cxd4 9. Qxd4 e5 10. Nxe5 dxe5 11. Bxe5 Nxe5 12. Qxe5 Re8 13. Qf4 Qd4 14. Bd3 a6
15. Rad1 Qe5 16. Qh4 b5 17. f4 Qc5+ 18. Kh1 Bb7 19. f5 Bxe4 20. Nxe4 Nxe4 21.
Bxe4 Qe7 22. Rf4 Qxh4 23. Rxh4 Bxb2 24. fxg6 hxg6 25. Rg4 Bg7 26. Bd3 Re7 27. c4
bxc4 28. Bxc4 Kf8 29. Rf1 Ke8 30. h4 Re5 31. Bxf7+ Kd8 32. Rxg6 Bf8 33. Rg8 Ke7
34. Bg6 1-0

[Event "Challenge"]
[Site "http://www.queenalice.com/game.php?id=1123346"]
[Date "2012.11.17"]
[Round "-"]
[White "Nyvang"]
[Black "mascarade"]
[Result "0-1"]
[WhiteElo "1802"]
[BlackElo "1797"]

1. b3 e5 2. g3 d5 3. Bb2 d4 4. d3 c6 5. Bg2 Qa5+ 6. c3 dxc3 7. Nxc3 Bb4 8. Qc1
Nf6 9. e4 Bc5 10. Nh3 Bxh3 11. Bxh3 Qb6 12. O-O Qc7 13. Qg5 O-O 14. Na4 Bd6 15.
d4 Nbd7 16. Rae1 h6 17. Qd2 Rad8 18. Re3 exd4 19. Bxd4 Ne5 20. Nc3 c5 21. Nb5
Qb6 22. Nxd6 Rxd6 23. Bxc5 Qxc5 24. Qe2 h5 25. Rd1 Rxd1+ 26. Qxd1 Nfg4 27. Bxg4
Nxg4 28. Rf3 Qg5 29. Rf5 Qh6 30. h4 g6 31. Rc5 Re8 32. Qe1 Rd8 33. Rc2 Ne5 34.
Qe2 Qg7 35. Rc7 Nd3 36. Qf3 Qa1+ 37. Kh2 Ne5 38. Qc3 Ng4+ 39. Kg2 Qxa2 40. Qc2
Qxc2 41. Rxc2 Rd4 42. Rc7 Rb4 43. Rc8+ Kg7 44. Re8 Rxb3 45. e5 Rb2 46. e6 Rxf2+
47. Kg1 fxe6 48. Rxe6 b5 49. Re7+ Rf7 50. Re4 a5 51. Re6 Ra7 52. Re5 Nxe5 0-1

[Event "Challenge"]
[Site "http://www.queenalice.com/game.php?id=1124145"]
[Date "2012.11.20"]
[Round "-"]
[White "Nyvang"]
[Black "mascarade"]
[Result "0-1"]
[WhiteElo "1786"]
[BlackElo "1817"]

1. d4 d5 2. Nc3 Nf6 3. Bf4 a6 4. e3 e6 5. h3 Bb4 6. Qd3 b5 7. Nf3 c5 8. dxc5
Bxc5 9. Be2 Bb7 10. O-O Nc6 11. a3 O-O 12. e4 d4 13. Nd1 Nh5 14. Be5 f6 15. Bxd4
Nxd4 16. Nxd4 Nf4 17. Qf3 Nxe2+ 18. Nxe2 f5 19. Qc3 Rc8 20. Qg3 Bxe4 21. Nf4 Rc6
22. Nh5 g6 23. Nf4 Bd6 24. Nxe6 Bxg3 25. Nxd8 Rxd8 26. fxg3 Rxc2 27. Ne3 Rxb2
28. Rfc1 Bb7 29. Rc7 Re2 30. Rxb7 Rxe3 31. g4 fxg4 32. hxg4 Rg3 33. a4 Rd2 34.
Rb8+ Kg7 35. Re8 Rgxg2+ 36. Kf1 Rh2 37. Ke1 Rb2 38. Kd1 Rh1+ 39. Re1 Rbh2 40.
Ra3 Rxe1+ 41. Kxe1 b4 42. Rb3 a5 43. Kd1 Rh1+ 44. Kc2 Ra1 45. Kb2 Rxa4 46. g5
Ra3 47. Rxa3 bxa3+ 48. Kxa3 Kf7 0-1